[Event "Mecklenburg VP LL2 Ost 0809"]
[Site "Mecklenburg VP"]
[Date "2009.03.15"]
[Round "8.3"]
[White "Onasch, Gunnar"]
[Black "Stieber, Michael"]
[Result "0-1"]
[WhiteElo "1852"]
[BlackElo "1886"]
[PlyCount "68"]
[EventDate "2008.09.28"]
[EventType "team-tourn"]
[EventRounds "9"]
[EventCountry "GER"]
[SourceTitle "EXT 2022"]
[Source "ChessBase"]
[SourceDate "2021.10.06"]
[SourceVersion "1"]
[SourceVersionDate "2021.10.06"]
[SourceQuality "1"]
[WhiteTeam "Waterkant Saal SV"]
[BlackTeam "Pasewalk"]
[WhiteTeamCountry "GER"]
[BlackTeamCountry "GER"]

1. Nf3 Nf6 2. b3 g6 3. Bb2 Bg7 4. e3 c5 5. Be2 Nc6 6. 0-0 0-0 7. c4 b6 8. d4 cxd4 9. exd4 d5 10. Ne5 Bb7 11. Nxc6 Bxc6 12. Nd2 e6 13. Nf3 Nd7 14. Ne5 Nxe5 15. dxe5 dxc4 16. Bxc4 Qg5 17. g3 Qf5 18. Qe2 Bf3 19. Qe3 Qh5 20. Rfe1 Bh6 21. Qd3 Rfd8 22. Bd4 Rac8 23. Re3 Bxe3 24. fxe3 Qh3 25. Qf1 Qxf1+ 26. Kxf1 Bd5 27. Bd3 Rc7 28. Ke1 Bf3 29. Kd2 Bg4 30. Rh1 Bf5 31. Bxf5 gxf5 32. Rc1 Rxc1 33. Kxc1 Kg7 34. Kd2 Kg6 0-1

[Event "Mecklenburg VP LL2 Ost 0809"]
[Site "Mecklenburg VP"]
[Date "2008.12.14"]
[Round "4.3"]
[White "Wittig, Harry"]
[Black "Stieber, Michael"]
[Result "1-0"]
[WhiteElo "1936"]
[BlackElo "1886"]
[PlyCount "91"]
[EventDate "2008.09.28"]
[EventType "team-tourn"]
[EventRounds "9"]
[EventCountry "GER"]
[SourceTitle "EXT 2022"]
[Source "ChessBase"]
[SourceDate "2021.10.06"]
[SourceVersion "1"]
[SourceVersionDate "2021.10.06"]
[SourceQuality "1"]
[WhiteTeam "Waren ESV"]
[BlackTeam "Pasewalk"]
[WhiteTeamCountry "GER"]
[BlackTeamCountry "GER"]

1. d4 Nf6 2. Nf3 g6 3. c4 Bg7 4. g3 d6 5. Bg2 0-0 6. 0-0 c5 7. dxc5 dxc5 8. Qb3 Nbd7 9. Nc3 e6 10. Rd1 Qe7 11. Bf4 e5 12. Bg5 Rb8 13. Rac1 h6 14. Nd5 Qe6 15. Be3 Ng4 16. Bd2 Ngf6 17. Ne1 Nxd5 18. Bxd5 Qb6 19. Qa3 Ra8 20. Bc3 Re8 21. Bg2 Qe6 22. Nd3 Bf8 23. b3 Kh7 24. Qb2 Rb8 25. a4 b6 26. e4 Bb7 27. f4 f6 28. Rd2 Bd6 29. Rcd1 Bc7 30. Rf1 Rf8 31. f5 Qe7 32. fxg6+ Kxg6 33. Rdf2 Rf7 34. Qe2 Rg8 35. Bd2 Bc8 36. Qg4+ Kh7 37. Qh5 Rg6 38. Bh3 Qf8 39. Bf5 Qg7 40. Nb2 Bd8 41. Nd1 Bb7 42. Ne3 Nf8 43. Ng4 Kg8 44. Nxh6+ Rxh6 45. Bxh6 Qh8 46. Qg4+ 1-0

[Event "Mecklenburg VP LL2 Ost 0708"]
[Site "Mecklenburg VP"]
[Date "2008.03.09"]
[Round "7.3"]
[White "Stieber, Michael"]
[Black "Hartmann, Elisa"]
[Result "0-1"]
[WhiteElo "1900"]
[BlackElo "1675"]
[PlyCount "90"]
[EventDate "2007.10.21"]
[EventType "team-tourn"]
[EventRounds "9"]
[EventCountry "GER"]
[SourceTitle "EXT 2016"]
[Source "ChessBase"]
[SourceDate "2015.10.08"]
[SourceVersion "1"]
[SourceVersionDate "2015.10.08"]
[SourceQuality "1"]
[WhiteTeam "Pasewalk"]
[BlackTeam "Gryps SV"]
[WhiteTeamCountry "GER"]
[BlackTeamCountry "GER"]

1. e4 e5 2. Nf3 Nc6 3. Bb5 a6 4. Ba4 Nf6 5. 0-0 b5 6. Bb3 Be7 7. Re1 0-0 8. h3 d6 9. c3 Na5 10. Bc2 c5 11. d4 cxd4 12. cxd4 Qc7 13. Nbd2 Bb7 14. d5 Rac8 15. Bd3 Nd7 16. Nf1 Nc4 17. b3 Ncb6 18. Bd2 Nc5 19. Rc1 Qd7 20. Bb1 f5 21. exf5 Nxd5 22. Ng3 b4 23. Nh2 a5 24. Nh5 Qb5 25. Rc4 Nf6 26. Nxf6+ Bxf6 27. Ng4 d5 28. Nxf6+ Rxf6 29. Rxc5 Qxc5 30. Rxe5 Qd4 31. Re7 Ba6 32. Rxg7+ Kh8 33. Re7 Rfc6 34. Qh5 Rc1+ 35. Be1 Rxe1+ 36. Rxe1 Qc3 37. Qd1 d4 38. Re7 d3 39. Kh2 Qd4 40. f3 Qd6+ 41. g3 Qxe7 42. Bxd3 Bxd3 43. Qxd3 Qe5 44. h4 Rg8 45. f4 Qc3 0-1

[Event "Mecklenburg VP LL1 0607"]
[Site "Mecklenburg VP"]
[Date "2006.10.29"]
[Round "2.4"]
[White "Stieber, Michael"]
[Black "Toedtmann, Helmut"]
[Result "1-0"]
[WhiteElo "1915"]
[BlackElo "1609"]
[PlyCount "79"]
[EventDate "2006.10.15"]
[EventType "team"]
[EventRounds "9"]
[EventCountry "GER"]
[SourceTitle "EXT 2008"]
[Source "ChessBase"]
[SourceDate "2007.11.25"]
[SourceVersion "1"]
[SourceVersionDate "2007.11.25"]
[SourceQuality "1"]
[WhiteTeam "Pasewalk"]
[BlackTeam "Saal Waterkant"]
[WhiteTeamCountry "GER"]
[BlackTeamCountry "GER"]

1. e4 e6 2. d4 d5 3. exd5 exd5 4. Bd3 Nf6 5. Bg5 Be7 6. Nd2 0-0 7. c3 c5 8. dxc5 Bxc5 9. Ndf3 Re8+ 10. Ne2 Bg4 11. Qc2 h6 12. Bh4 Nc6 13. 0-0-0 Rc8 14. h3 Bxf3 15. gxf3 Nb4 16. Qb1 Qb6 17. a3 Nxd3+ 18. Qxd3 Bxa3 19. bxa3 Rxe2 20. Qxe2 Rxc3+ 21. Kd2 Qa5 22. Bxf6 Rxf3+ 23. Kc1 Rxf6 24. Rd3 Qc5+ 25. Qc2 Qb6 26. Rc3 g6 27. Rf1 Qd4 28. Qd2 Qe5 29. Re1 Qh5 30. Qd4 Qg5+ 31. Qe3 Qh5 32. Qxa7 b6 33. Qb8+ Kh7 34. Qe5 Qh4 35. Qg3 Qd4 36. Rd1 Qxf2 37. Qxf2 Rxf2 38. Rxd5 h5 39. Rb3 Rf6 40. Rdb5 1-0

[Event "Mecklenburg VP LL1 0506"]
[Site "Mecklenburg VP"]
[Date "2006.04.02"]
[Round "9.2"]
[White "Stieber, Michael"]
[Black "Hartung, Lothar"]
[Result "1/2-1/2"]
[WhiteElo "1944"]
[BlackElo "1886"]
[PlyCount "20"]
[EventDate "2005.10.23"]
[EventType "team"]
[EventRounds "9"]
[EventCountry "GER"]
[SourceTitle "EXT 2008"]
[Source "ChessBase"]
[SourceDate "2007.11.25"]
[SourceVersion "1"]
[SourceVersionDate "2007.11.25"]
[SourceQuality "1"]
[WhiteTeam "Pasewalk"]
[BlackTeam "Neubrandenburg SV Turbine"]
[WhiteTeamCountry "GER"]
[BlackTeamCountry "GER"]

1. e4 c5 2. c3 d5 3. exd5 Qxd5 4. d4 e6 5. Nf3 Nf6 6. Be2 Be7 7. c4 Qd8 8. Nc3 cxd4 9. Qxd4 Qxd4 10. Nxd4 a6 1/2-1/2

[Event "Mecklenburg VP LL1 0506"]
[Site "Mecklenburg VP"]
[Date "2005.10.23"]
[Round "1.2"]
[White "Zibell, Walter"]
[Black "Stieber, Michael"]
[Result "1/2-1/2"]
[WhiteElo "1800"]
[BlackElo "1944"]
[PlyCount "111"]
[EventDate "2005.10.23"]
[EventType "team"]
[EventRounds "9"]
[EventCountry "GER"]
[SourceTitle "EXT 2008"]
[Source "ChessBase"]
[SourceDate "2007.11.25"]
[SourceVersion "1"]
[SourceVersionDate "2007.11.25"]
[SourceQuality "1"]
[WhiteTeam "Neubrandenburg SG Eintracht II"]
[BlackTeam "Pasewalk"]
[WhiteTeamCountry "GER"]
[BlackTeamCountry "GER"]

1. d4 Nf6 2. c4 g6 3. Nc3 Bg7 4. e4 d6 5. Bg5 0-0 6. Nf3 Nc6 7. Be2 e5 8. d5 Ne7 9. Qd2 a6 10. a4 Ne8 11. h4 f6 12. Bh6 Rf7 13. 0-0-0 Kh8 14. h5 Bxh6 15. Qxh6 g5 16. Nxg5 fxg5 17. Qxg5 Rg7 18. Qh4 h6 19. f4 exf4 20. Qxf4 Ng8 21. Kb1 Qf6 22. Qe3 Qg5 23. Qd4 Qe5 24. Qf2 Nef6 25. Bf3 Bg4 26. Rh4 Bxf3 27. gxf3 Nxh5 28. Qe3 Rg3 29. Ne2 Rg2 30. Rdh1 Rxe2 31. Qxe2 Ng3 32. Rxh6+ Nxh6 33. Rxh6+ Kg7 34. Qh2 Rg8 35. Rh7+ Kf8 36. Qh3 Rg7 37. Qc8+ Kf7 38. Rh6 Qe7 39. Qxb7 Ne2 40. Re6 Rg1+ 41. Ka2 Qd7 42. Qxa6 Nc1+ 43. Ka3 Nd3 44. b4 Ra1+ 45. Kb3 Nc1+ 46. Kb2 Rxa4 47. Qb5 Rxb4+ 48. Qxb4 Nd3+ 49. Kb3 Nxb4 50. Kxb4 Qd8 51. c5 Qb8+ 52. Kc4 dxc5 53. Kxc5 Qa7+ 54. Kc6 Qb6+ 55. Kd7 Qc5 56. Rc6 1/2-1/2

[Event "Mecklenburg VP LL 0405"]
[Site "Mecklenburg VP"]
[Date "2005.??.??"]
[Round "6.5"]
[White "Stieber, Michael"]
[Black "Greinert, Timo"]
[Result "1/2-1/2"]
[WhiteElo "1932"]
[BlackElo "1867"]
[PlyCount "36"]
[EventDate "2004.10.24"]
[EventType "team"]
[EventRounds "9"]
[EventCountry "GER"]
[SourceTitle "EXT 2009"]
[Source "ChessBase"]
[SourceDate "2008.11.26"]
[SourceVersion "1"]
[SourceVersionDate "2008.11.26"]
[SourceQuality "1"]
[WhiteTeam "Pasewalk"]
[BlackTeam "Torgelow Greif"]
[WhiteTeamCountry "GER"]
[BlackTeamCountry "GER"]

1. e4 c6 2. d4 d5 3. e5 Bf5 4. Bd3 Bxd3 5. Qxd3 e6 6. Ne2 Nd7 7. Be3 c5 8. c3 c4 9. Qc2 b5 10. Nd2 Nb6 11. 0-0 Ne7 12. Bg5 Qc7 13. Bxe7 Bxe7 14. Ng3 a5 15. f4 g6 16. Nf3 Qd7 17. Rf2 h6 18. Raf1 0-0-0 1/2-1/2

[Event "Mecklenburg VP LL 0304"]
[Site "Mecklenburg VP"]
[Date "2004.04.25"]
[Round "9.5"]
[White "Greinert, Timo"]
[Black "Stieber, Michael"]
[Result "1/2-1/2"]
[WhiteElo "1871"]
[BlackElo "1847"]
[PlyCount "35"]
[EventDate "2003.09.28"]
[EventType "team-tourn"]
[EventRounds "9"]
[EventCountry "GER"]
[SourceTitle "EXT 2005"]
[Source "ChessBase"]
[SourceDate "2004.11.15"]
[SourceVersion "1"]
[SourceVersionDate "2004.11.15"]
[SourceQuality "1"]
[WhiteTeam "Torgelow"]
[BlackTeam "Pasewalk"]
[WhiteTeamCountry "GER"]
[BlackTeamCountry "GER"]

1. c4 g6 2. Nc3 Bg7 3. d4 Nf6 4. e4 d6 5. Nf3 0-0 6. Be2 Nbd7 7. 0-0 e5 8. Bg5 h6 9. Bh4 c6 10. dxe5 dxe5 11. Qd6 Re8 12. Rfd1 Re6 13. Qb4 Qc7 14. Nd2 Bf8 15. Qb3 Nc5 16. Qc2 Kg7 17. b4 Ncd7 18. Rab1 1/2-1/2

[Event "Berlin Christmas op 1st"]
[Site "Berlin"]
[Date "2004.??.??"]
[Round "2"]
[White "Stieber, Michael"]
[Black "Nagel, Bernhard"]
[Result "1/2-1/2"]
[WhiteElo "2068"]
[BlackElo "2224"]
[PlyCount "47"]
[EventDate "2004.12.??"]
[EventType "swiss"]
[EventRounds "7"]
[EventCountry "GER"]
[SourceTitle "EXT 2007"]
[Source "ChessBase"]
[SourceDate "2006.11.23"]
[SourceVersion "1"]
[SourceVersionDate "2006.11.23"]
[SourceQuality "1"]

1. e4 e6 2. d4 d5 3. exd5 exd5 4. Bd3 Nc6 5. c3 Bd6 6. Ne2 Qh4 7. Nd2 Bg4 8. Nf1 0-0-0 9. Ne3 Nge7 10. Qc2 Bxe2 11. Qxe2 Rde8 12. Qg4+ Qxg4 13. Nxg4 Ng6+ 14. Ne3 Nf4 15. Bf5+ Kb8 16. 0-0 Ne2+ 17. Kh1 Nxc1 18. Raxc1 Bf4 19. Rce1 Ne7 20. Bd7 Rd8 21. Ba4 c6 22. Bc2 Rde8 23. g3 Bd6 24. Nf5 1/2-1/2

[Event "Mecklenburg VP LL 0304"]
[Site "Mecklenburg VP"]
[Date "2003.11.23"]
[Round "3.5"]
[White "Stieber, Michael"]
[Black "Schoenrock, Ruediger"]
[Result "1/2-1/2"]
[WhiteElo "1847"]
[BlackElo "1960"]
[PlyCount "83"]
[EventDate "2003.09.28"]
[EventType "team-tourn"]
[EventRounds "9"]
[EventCountry "GER"]
[SourceTitle "EXT 2005"]
[Source "ChessBase"]
[SourceDate "2004.11.15"]
[SourceVersion "1"]
[SourceVersionDate "2004.11.15"]
[SourceQuality "1"]
[WhiteTeam "Pasewalk"]
[BlackTeam "Rostock Uni"]
[WhiteTeamCountry "GER"]
[BlackTeamCountry "GER"]

1. e4 e5 2. Nf3 Nf6 3. Nxe5 d6 4. Nf3 Nxe4 5. d4 d5 6. Bd3 Nc6 7. c3 Be7 8. Qc2 f5 9. Bf4 0-0 10. Ne5 Nxe5 11. Bxe5 c5 12. b3 cxd4 13. Bxd4 Be6 14. 0-0 Bf6 15. Nd2 Rc8 16. Bxf6 Qxf6 17. c4 Nxd2 18. Qxd2 dxc4 19. Bxc4 Bxc4 20. bxc4 Rxc4 21. Qa5 a6 22. Rad1 Rd4 23. h3 Rfd8 24. Rxd4 Rxd4 25. Rc1 b5 26. Rc8+ Kf7 27. Qc7+ Qe7 28. Qc2 Qe1+ 29. Kh2 Qe5+ 30. Kg1 Rd7 31. Qb3+ Kg6 32. Rc6+ Rd6 33. Rc1 h6 34. Qc2 Qf4 35. Rf1 Qd2 36. Qc5 Qd5 37. Qc2 Rc6 38. Qe2 Qe4 39. Qd2 Qc2 40. Qd5 Qe4 41. Qd2 Qc2 42. Qd5 1/2-1/2

[Event "Greifswald Ryck op"]
[Site "Greifswald"]
[Date "2002.08.23"]
[Round "4"]
[White "Sawatzki, Joerg"]
[Black "Stieber, Michael"]
[Result "1-0"]
[WhiteElo "2261"]
[BlackElo "1818"]
[PlyCount "59"]
[EventDate "2002.08.??"]
[EventType "swiss"]
[EventRounds "7"]
[EventCountry "GER"]
[SourceTitle "EXT 2005"]
[Source "ChessBase"]
[SourceDate "2004.11.15"]
[SourceVersion "1"]
[SourceVersionDate "2004.11.15"]
[SourceQuality "1"]

1. c4 Nf6 2. Nc3 g6 3. g3 Bg7 4. Bg2 Nc6 5. e4 e5 6. Nge2 d6 7. d3 Bd7 8. 0-0 0-0 9. h3 Qc8 10. Kh2 Ne7 11. Be3 a6 12. Qd2 c5 13. f4 Nc6 14. fxe5 Nxe5 15. Bg5 Nh5 16. Nd5 Qb8 17. g4 Nxg4+ 18. hxg4 Bxg4 19. Bf3 Bxf3 20. Rxf3 f6 21. Bh6 Qd8 22. Bxg7 Kxg7 23. Nef4 Nxf4 24. Nxf4 Qe7 25. Rh1 f5 26. Kg2 fxe4 27. Ne6+ Kg8 28. Rxf8+ Rxf8 29. Nxf8 Qxf8 30. dxe4 1-0

[Event "Mecklenburg VP LL2 Ost 0102"]
[Site "Mecklenburg VP"]
[Date "2002.03.17"]
[Round "7.3"]
[White "Schwarz, Eckhard"]
[Black "Stieber, Michael"]
[Result "0-1"]
[WhiteElo "1895"]
[BlackElo "1798"]
[PlyCount "72"]
[EventDate "2001.10.07"]
[EventType "team-tourn"]
[EventRounds "9"]
[EventCountry "GER"]
[SourceTitle "EXT 2003"]
[Source "ChessBase"]
[SourceDate "2002.11.25"]
[SourceVersion "1"]
[SourceVersionDate "2002.11.25"]
[SourceQuality "1"]
[WhiteTeam "Saal Waterkant"]
[BlackTeam "Pasewalk"]
[WhiteTeamCountry "GER"]
[BlackTeamCountry "GER"]

1. c4 c5 2. Nf3 Nc6 3. Nc3 Nf6 4. d4 cxd4 5. Nxd4 g6 6. e4 d6 7. Nxc6 bxc6 8. Be2 Bg7 9. 0-0 0-0 10. Be3 Bb7 11. Qb3 Qc7 12. Rac1 Rfb8 13. f3 Nd7 14. Rfd1 a5 15. Qc2 Nc5 16. Kh1 Bc8 17. Qd2 Be6 18. Rc2 a4 19. Bd4 Rb7 20. Bxg7 Kxg7 21. Qd4+ f6 22. f4 Nd7 23. Rdd2 Rb4 24. a3 Rb7 25. Nd5 Bxd5 26. cxd5 c5 27. Qf2 Rf8 28. Bf3 Rb3 29. Bd1 Rb7 30. Rc3 Qa5 31. g4 Rfb8 32. h4 Rxb2 33. Rcd3 Rxd2 34. Rxd2 Qc3 35. Bxa4 Qh3+ 36. Kg1 Rb1+ 0-1

[Event "Mecklenburg VP LL2 Ost 0102"]
[Site "Mecklenburg VP"]
[Date "2001.11.11"]
[Round "2.3"]
[White "Rehbein, Hans Juergen"]
[Black "Stieber, Michael"]
[Result "1/2-1/2"]
[WhiteElo "1805"]
[BlackElo "1798"]
[PlyCount "81"]
[EventDate "2001.10.07"]
[EventType "team-tourn"]
[EventRounds "9"]
[EventCountry "GER"]
[SourceTitle "EXT 2003"]
[Source "ChessBase"]
[SourceDate "2002.11.25"]
[SourceVersion "1"]
[SourceVersionDate "2002.11.25"]
[SourceQuality "1"]
[WhiteTeam "Neustrelitz TSG"]
[BlackTeam "Pasewalk"]
[WhiteTeamCountry "GER"]
[BlackTeamCountry "GER"]

1. d4 Nf6 2. c4 d5 3. Nc3 e6 4. Bg5 Be7 5. Nf3 Nbd7 6. e3 0-0 7. Qc2 c6 8. a3 Re8 9. h3 Nh5 10. Bxe7 Qxe7 11. Bd3 Nhf6 12. 0-0 h6 13. Rac1 e5 14. dxe5 Nxe5 15. Nxe5 Qxe5 16. cxd5 Nxd5 17. Nxd5 Qxd5 18. Qc4 Qxc4 19. Bxc4 Rd8 20. Rfd1 Be6 21. Bxe6 fxe6 22. Kf1 Kf7 23. Ke2 Ke7 24. Rc4 Rxd1 25. Kxd1 Rd8+ 26. Ke2 Rd6 27. Rg4 Kf6 28. Rb4 b6 29. Ra4 Rd7 30. Rc4 c5 31. b4 cxb4 32. axb4 a5 33. Rc6 Rb7 34. bxa5 bxa5 35. Ra6 Rb5 36. f4 g5 37. g3 h5 38. Kf3 Rc5 39. Ra8 Rb5 40. Ra6 Rc5 41. Ra8 1/2-1/2

[Event "Mecklenburg VP LL2 Ost 0001"]
[Site "Mecklenburg VP"]
[Date "2001.04.01"]
[Round "8.3"]
[White "Peters, Hans Joachim"]
[Black "Stieber, Michael"]
[Result "0-1"]
[WhiteElo "1802"]
[BlackElo "1778"]
[PlyCount "124"]
[EventDate "2000.10.15"]
[EventType "team-tourn"]
[EventRounds "9"]
[EventCountry "GER"]
[SourceTitle "EXT 2016"]
[Source "ChessBase"]
[SourceDate "2015.10.08"]
[SourceVersion "1"]
[SourceVersionDate "2015.10.08"]
[SourceQuality "1"]
[WhiteTeam "Neubrandenburg SV Turbine"]
[BlackTeam "Pasewalk"]
[WhiteTeamCountry "GER"]
[BlackTeamCountry "GER"]

1. e4 c6 2. d4 d5 3. exd5 cxd5 4. c3 Bf5 5. Bd3 Bxd3 6. Qxd3 e6 7. Nf3 Nf6 8. 0-0 Bd6 9. Nbd2 Nbd7 10. Re1 0-0 11. Ne5 Qc7 12. f4 Nh5 13. Ndf3 f6 14. Nxd7 Qxd7 15. g3 g6 16. Bd2 Rac8 17. Re2 Ng7 18. Rae1 a6 19. Nh4 b5 20. a3 a5 21. Rc1 Rc7 22. Ree1 Rfc8 23. b4 axb4 24. axb4 Ra7 25. Ra1 Rca8 26. Qf1 Ra2 27. Rec1 Qc6 28. Nf3 Bc7 29. Rxa2 Rxa2 30. Ra1 Rxa1 31. Qxa1 Nf5 32. Ne1 Nd6 33. Nd3 Ne4 34. Be1 h6 35. Nc5 e5 36. fxe5 fxe5 37. Nxe4 dxe4 38. Qa2+ Kg7 39. Qf2 Qf6 40. Qxf6+ Kxf6 41. Bf2 Ke6 42. Be3 h5 43. Kf2 Kd5 44. Ke2 exd4 45. Bxd4 h4 46. gxh4 Bxh2 47. Bg7 Bg3 48. Bf6 Ke6 49. Bg5 Be5 50. Bd2 Kf5 51. Ke3 Bf4+ 52. Ke2 Bg3 53. Bg5 Kg4 54. Ke3 Kf5 55. Ke2 Be5 56. Bd2 Bf6 57. Be1 Bd8 58. Bf2 Kf4 59. Be3+ Kg4 60. Bf2 Bf6 61. Be1 Be5 62. Ke3 Kf5 0-1

[Event "Mecklenburg VP LL2 Ost 0001"]
[Site "Mecklenburg VP"]
[Date "2001.03.11"]
[Round "7.3"]
[White "Stieber, Michael"]
[Black "Moritz, Hartmut"]
[Result "1/2-1/2"]
[WhiteElo "1778"]
[BlackElo "2015"]
[PlyCount "67"]
[EventDate "2000.10.15"]
[EventType "team-tourn"]
[EventRounds "9"]
[EventCountry "GER"]
[SourceTitle "EXT 2016"]
[Source "ChessBase"]
[SourceDate "2015.10.08"]
[SourceVersion "1"]
[SourceVersionDate "2015.10.08"]
[SourceQuality "1"]
[WhiteTeam "Pasewalk"]
[BlackTeam "Rostock PSV II"]
[WhiteTeamCountry "GER"]
[BlackTeamCountry "GER"]

1. e4 e6 2. d4 d5 3. exd5 exd5 4. Bd3 Bd6 5. Ne2 Ne7 6. 0-0 0-0 7. Re1 Bf5 8. Bg5 Bxd3 9. Qxd3 c6 10. Nd2 Qc7 11. Nf1 Ng6 12. Neg3 Nd7 13. Nf5 Rfe8 14. Nxd6 Qxd6 15. Re2 Rxe2 16. Qxe2 h6 17. Bd2 Nf6 18. Ng3 Re8 19. Qf3 Qd7 20. Bxh6 Ne4 21. Be3 Nh4 22. Qh5 Nxg3 23. Qxh4 Nf5 24. Qf4 Re4 25. Qf3 Qe6 26. Rf1 Nxd4 27. Bxd4 Rxd4 28. Qe3 Qxe3 29. fxe3 Re4 30. Rf3 f6 31. Kf2 Kf7 32. Rf4 Re5 33. Rh4 Re7 34. c3 1/2-1/2

[Event "Mecklenburg VP LL2 Ost 0001"]
[Site "Mecklenburg VP"]
[Date "2001.02.18"]
[Round "6.3"]
[White "Kohn, Andreas"]
[Black "Stieber, Michael"]
[Result "1-0"]
[WhiteElo "1889"]
[BlackElo "1778"]
[PlyCount "73"]
[EventDate "2000.10.15"]
[EventType "team-tourn"]
[EventRounds "9"]
[EventCountry "GER"]
[SourceTitle "EXT 2016"]
[Source "ChessBase"]
[SourceDate "2015.10.08"]
[SourceVersion "1"]
[SourceVersionDate "2015.10.08"]
[SourceQuality "1"]
[WhiteTeam "Stralsund FHSG II"]
[BlackTeam "Pasewalk"]
[WhiteTeamCountry "GER"]
[BlackTeamCountry "GER"]

1. e4 c6 2. d4 d5 3. Nc3 dxe4 4. Nxe4 Bf5 5. Ng3 Bg6 6. Bc4 e6 7. N1e2 Nf6 8. 0-0 Bd6 9. f4 Qc7 10. Kh1 Nbd7 11. f5 exf5 12. Nf4 0-0-0 13. Bd3 h5 14. c4 h4 15. Nxf5 Bxf5 16. Bxf5 g5 17. Nh3 g4 18. Nf4 b6 19. d5 Kb7 20. dxc6+ Qxc6 21. Nd5 Qxc4 22. Nxf6 Nxf6 23. Bd3 Qe6 24. Bg5 Be7 25. Qc2 h3 26. Rae1 Qd6 27. Rxe7+ Qxe7 28. Bxf6 Qd6 29. Be4+ Kb8 30. Bxh8 Rxh8 31. Rxf7 hxg2+ 32. Qxg2 Qd1+ 33. Rf1 Rxh2+ 34. Kxh2 g3+ 35. Kxg3 Qd6+ 36. Rf4 Qe7 37. Kf3 1-0

[Event "Mecklenburg VP LL2 Ost 0001"]
[Site "Mecklenburg VP"]
[Date "2001.01.28"]
[Round "5.3"]
[White "Stieber, Michael"]
[Black "Kornblum, Dittmar"]
[Result "1-0"]
[WhiteElo "1778"]
[BlackElo "1835"]
[PlyCount "127"]
[EventDate "2000.10.15"]
[EventType "team-tourn"]
[EventRounds "9"]
[EventCountry "GER"]
[SourceTitle "EXT 2016"]
[Source "ChessBase"]
[SourceDate "2015.10.08"]
[SourceVersion "1"]
[SourceVersionDate "2015.10.08"]
[SourceQuality "1"]
[WhiteTeam "Pasewalk"]
[BlackTeam "Warnemuende SF Ostsee II"]
[WhiteTeamCountry "GER"]
[BlackTeamCountry "GER"]

1. e4 e6 2. d4 d5 3. exd5 exd5 4. Bd3 Be7 5. Nf3 Nf6 6. 0-0 0-0 7. Re1 Bg4 8. Nbd2 Re8 9. Nf1 Nbd7 10. Ne3 Bh5 11. c3 c6 12. Nf5 Bf8 13. Bg5 Qc7 14. Qd2 Ne4 15. Bxe4 dxe4 16. Bf4 Qd8 17. Ng5 Bg6 18. Nh4 f5 19. Nxg6 hxg6 20. Qe3 Be7 21. Ne6 Qc8 22. Nc7 Kf7 23. Nxa8 Qxa8 24. Qe2 Qd8 25. Qc4+ Kf8 26. Qe6 Nf6 27. Re3 Bc5 28. Qb3 Bb6 29. Rh3 Nh5 30. Be5 Qd5 31. Qxd5 cxd5 32. Re1 Kf7 33. Kf1 Bd8 34. f3 Bf6 35. Bxf6 Nxf6 36. fxe4 Nxe4 37. Rhe3 Re6 38. R1e2 Rc6 39. Rf3 Kf6 40. Rh3 Rc8 41. Rc2 a6 42. Re3 Rh8 43. h3 Rh4 44. b3 b5 45. c4 bxc4 46. bxc4 dxc4 47. Ra3 Kg5 48. Rxa6 c3 49. d5 Nd2+ 50. Ke2 Ne4 51. d6 Rh8 52. d7 Rd8 53. Ra7 Kf6 54. Kd3 Nc5+ 55. Kxc3 Nxd7 56. Rd2 Rc8+ 57. Kb4 Ne5 58. Rd6+ Kg5 59. Rxg7 Rc2 60. Re6 Nc6+ 61. Ka3 Nd4 62. Rexg6+ Kf4 63. g3+ Kf3 64. h4 1-0